ბათუმის შოთა რუსთაველის სახელმწიფო უნივერსიტეტის ბიბლიოთეკა

Fundamentals of Building Construction (ბიბ.ჩანაწერი № 49488)

000 -LEADER
fixed length control field 00732nam a2200265Ia 4500
001 - CONTROL NUMBER
control field 16412
003 - CONTROL NUMBER IDENTIFIER
control field GE_BSU
008 - FIXED-LENGTH DATA ELEMENTS--GENERAL INFORMATION
fixed length control field 181216s||||||||xx |||||||||||||| ||und||
020 ## - INTERNATIONAL STANDARD BOOK NUMBER
International Standard Book Number 9781118420867(ebk)
040 ## - CATALOGING SOURCE
Transcribing agency GE_BSU
080 ## - UNIVERSAL DECIMAL CLASSIFICATION NUMBER
Universal Decimal Classification number 691
100 ## - MAIN ENTRY--PERSONAL NAME
Personal name Allen, Edward; Joseph Iano
245 ## - TITLE STATEMENT
Title Fundamentals of Building Construction
245 ## - TITLE STATEMENT
Remainder of title Materials and Methods
250 ## - EDITION STATEMENT
Edition statement SIXTH Edition
260 ## - PUBLICATION, DISTRIBUTION, ETC.
Place of publication, distribution, etc. USA
260 ## - PUBLICATION, DISTRIBUTION, ETC.
Name of publisher, distributor, etc. Wiley
260 ## - PUBLICATION, DISTRIBUTION, ETC.
Date of publication, distribution, etc. 2014
300 ## - PHYSICAL DESCRIPTION
Extent 1007 pages: ill;28cm
653 ## - INDEX TERM--UNCONTROLLED
Uncontrolled term Fundamentals of Building Construction
653 ## - INDEX TERM--UNCONTROLLED
Uncontrolled term მშენებლობა
653 ## - INDEX TERM--UNCONTROLLED
Uncontrolled term სამშენებლო: მასალა და მეთოდები
942 ## - ADDED ENTRY ELEMENTS (KOHA)
Koha item type წიგნი
ეგზემპლარები
Withdrawn status Lost status Damaged status Not for loan Date acquired Barcode Date last seen Price effective from Koha item type
        2018-12-17 41151 2018-12-17 2018-12-17 წიგნი